Responses for Show #7253 - Wednesday, March 9, 2016

Contestants

[<< previous game]

Bill Patschak, a trivia writer from Frederick, Maryland

Katrina Mundinger, a musician from Minneapolis, Minnesota

Annie Moriondo, a bookseller from Somerville, Massachusetts (whose 1-day cash winnings total $22,300)

[next game >>]

Jeopardy! Round responses

WORD PUZZLES
DETAILS ON THE BEST PICTURE OSCAR WINNER
AMERICAN LITERATURE
LIKE A BOSS
THE MARCH OF TIME
AKA
    $200 9
a banana split

Bill
    $200 15
Silence of the Lambs

Katrina
    $200 14
The Catcher in the Rye

Bill
    $200 12
Bloomberg

Triple Stumper
    $200 16
Barbie

Bill
    $200 18
the Mona Lisa

Bill
    $400 21
once in a blue moon

Bill
    $400 8
Slumdog Millionaire

Katrina
    $400 4
(Blanche) DuBois

Bill
    $400 13
(Carly) Fiorina

Bill
    $400 30
Bayer

Bill
    $400 28
Voltaire

Annie
    $600 20
(Annie: What is step by step?)
(Bill: What's a step out of line?)

one step forward, two steps back

AnnieBill
Triple Stumper
    $600 7
On the Waterfront

Bill
    $1,000 1
Roots

Annie
    $600 23
(Jeff) Bezos

Bill
    $600 29
Dallas

Katrina
    $600 27
Gillette

Bill
    $800 11
there's safety in numbers

Katrina
    $800 6
Shakespeare in Love

Bill
    $800 2
Roaring

Bill
    $800 19
Nordisk

Triple Stumper
    $800 24
(Alex: Yes, with less than a minute to go.)

McCarthy

Katrina
    $800 25
the polar bear

Bill
    $1000 10
(Katrina: What is... the "Harlem Globetrotters"?)

the "Harlem Shuffle"

AnnieKatrina
    $1000 5
A Man for All Seasons

Bill
    $1000 3
"The Tell-Tale Heart"

Annie
    $1000 22
(Katrina: Who is Mark Cuban?)
(Bill: Who is Allen?)

Steve Ballmer

KatrinaBill
Triple Stumper
    $1000 17
the serfs

Katrina
    $1000 26
First Bull Run

Annie

Scores at the first commercial break (after clue 15):

Annie Katrina Bill
$3,000 $400 $4,400

Scores at the end of the Jeopardy! Round:

Annie Katrina Bill
$3,800 $1,800 $6,000

Double Jeopardy! Round responses

THE ALGORITHM METHOD
CITY NICKNAMES
MY EX-WIVES & ME
POLISH HISTORY
MAMMALS
"TOUR"ISM
    $400 23
cryptography

Bill
    $400 1
camels

Bill
    $400 8
(Sean) Penn

Bill
    $400 7
(Katrina: What is NATO?)

the E.U. (the European Union)

AnnieKatrina
    $400 12
a mongoose

Katrina
    $400 18
a detour

Annie
    $800 24
Facebook

Katrina
    $800 5
Oxford

Bill
    $800 16
Larry King

Triple Stumper
    $800 11
Christianity

Annie
    $800 13
a deer

Annie
    $800 19
an entourage

Annie
    $1200 25
economics

Bill
    $8,000 4
(Bill: What is... what is Thailand?)

Sri Lanka

Bill
    $1200 10
Bobby Flay

Katrina
    $2,000 15
(Alex: Bill?)
(Bill: What is... Norway and Italy? I don't--I don't know.)

Russia & Prussia

Bill
    $1200 14
an ocelot

Bill
    $1200 20
a tour de force

Annie
    $1600 26
the greatest common denominator

Bill
    $1600 2
Auckland

Bill
    $1600 9
(Billy Bob) Thornton

Bill
    $1600 29
[Katrina gave both listed responses.]

a pianist (or a musician)

Katrina
    $1600 28
(Annie: What is a jaguarundi?)

coatimundi

Annie
Triple Stumper
    $1600 21
a tournedos

Annie
    $2000 27
a compression algorithm

Annie
    $2000 3
Antwerp

Triple Stumper
    $2000 6
(Bill: Who is Allen?)

(Frank) Sinatra

KatrinaBill
    $2000 30
Lithuania

Bill
    $2000 17
a zebra

Katrina
    $2000 22
a Grand Tour

Katrina

Scores at the end of the Double Jeopardy! Round:

Annie Katrina Bill
$10,200 $11,400 $5,200

[wagering suggestions for these scores]

Final Jeopardy! Round responses

LITERARY GEOGRAPHY
(Alex: [To Katrina] You have to think Chamouni. That's France. That's [*].)
BillWhat is the Rock of Gibraltar
$5,200
AnnieWhat is the Matterhorn?
$10,000
KatrinaWhat is Shallott?
$4,000
Mont Blanc

Final scores:

Annie Katrina Bill
$200 $7,400 $0
2nd place: $2,000 New champion: $7,400 3rd place: $1,000

Game dynamics:

Coryat scores:

Annie Katrina Bill
$9,800 $11,400 $15,200
13 R
(including 1 DD),
2 W
13 R,
3 W
25 R,
5 W
(including 2 DDs)

Combined Coryat: $36,400

[game clues] [game scores] [suggest correction]

Game tape date: 2016-01-26
The J! Archive is created by fans, for fans. Scraping, republication, monetization, and malicious use prohibited; this site may use cookies and collect identifying information. See terms. The Jeopardy! game show and all elements thereof, including but not limited to copyright and trademark thereto, are the property of Jeopardy Productions, Inc. and are protected under law. This website is not affiliated with, sponsored by, or operated by Jeopardy Productions, Inc. Join the discussion at JBoard.tv.